| 000 | 02018nam a2200361 a 4500 | ||
|---|---|---|---|
| 001 | ebr10671585 | ||
| 003 | CaPaEBR | ||
| 006 | m u | ||
| 007 | cr cn||||||||| | ||
| 008 | 121024s2013 caua sb 001 0 eng d | ||
| 010 | _z 2012043408 | ||
| 020 | _z9781118466469 (hardback) | ||
| 020 | _z9781118466742 (e-book) | ||
| 040 |
_aCaPaEBR _cCaPaEBR |
||
| 035 | _a(OCoLC)815836081 | ||
| 050 | 1 | 4 |
_aRA971 _b.G56 2013eb |
| 082 | 0 | 4 |
_a362.1068 _223 |
| 100 | 1 | _aGinter, Peter M. | |
| 245 | 1 | 0 |
_aStrategic management of health care organizations _h[electronic resource] / _cPeter M. Ginter, W. Jack Duncan, Linda E. Swayne. |
| 250 | _a7th ed. | ||
| 260 |
_aSan Francisco, Calif. : _bJohn Wiley & Sons/Jossey-Bass, _cc2013. |
||
| 300 |
_axi, 463 p. : _bcol. ill. |
||
| 500 | _aRev. ed. of: Strategic management of health care organizations / Linda E. Swayne, W. Jack Duncan, Peter M. Ginter. 6th ed. c2008. | ||
| 504 | _aIncludes bibliographical references and index. | ||
| 505 | 0 | _aThe nature of strategic management -- Understanding and analyzing the general environment and the health care environment -- Service area competitor analysis -- Internal environmental analysis and competitive advantage -- Directional strategies -- Developing strategic alternatives -- Evaluation of alternatives and strategic choice -- Value adding service delivery strategies -- Value adding support strategies -- Communicating the strategy and developing action plans. | |
| 533 |
_aElectronic reproduction. _bPalo Alto, Calif. : _cebrary, _d2013. _nAvailable via World Wide Web. _nAccess may be limited to ebrary affiliated libraries. |
||
| 650 | 0 | _aHealth services administration. | |
| 655 | 7 |
_aElectronic books. _2local |
|
| 700 | 1 |
_aDuncan, W. Jack _q(Walter Jack) |
|
| 700 | 1 |
_aSwayne, Linda E. _tStrategic management of health care organizations. |
|
| 710 | 2 | _aebrary, Inc. | |
| 856 | 4 | 0 |
_uhttp://site.ebrary.com/lib/rucke/Doc?id=10671585 _zAn electronic book accessible through the World Wide Web; click to view |
| 999 |
_c163538 _d163538 |
||